[Event "RUS-ch Blitz Women 2018"]
[Site "Sochi"]
[Date "2018.10.07"]
[Round "17"]
[White "Goltseva, Ekaterina"]
[Black "Lysenko, Margarita"]
[Result "0-1"]
[WhiteElo "2169"]
[BlackElo "2122"]
[Annotator "NA"]
[PlyCount "138"]
[EventDate "2018.10.07"]
[EventType "swiss"]
[EventCountry "RUS"]
[SourceTitle "playchess.com"]
[Source "ChessBase"]
[SourceQuality "1"]
[TimeControl "180+2"]

1. d4 {[%emt 0:00:00]} Nf6 {[%emt 0:00:00]} 2. c4 {[%emt 0:00:00]} g6 {[%emt 0:00:00]} 3. Nc3 {[%emt 0:00:00]} Bg7 {[%emt 0:00:01]} 4. e4 {[%emt 0:00:01]} O-O {[%emt 0:00:02]} 5. Be2 {[%emt 0:00:01]} d6 {[%emt 0:00:04]} 6. Bg5 {[%emt 0:00:01]} Na6 {[%emt 0:00:01]} 7. Qd2 {[%emt 0:00:04]} e5 {[%emt 0:00:01]} 8. d5 {[%emt 0:00:07]} Nc5 {[%emt 0:00:02]} 9. f3 {[%emt 0:00:06]} a5 {[%emt 0:00:01]} 10. g4 {[%emt 0:00:16]} c6 {[%emt 0:00:01]} 11. h4 {[%emt 0:00:06]} cxd5 {[%emt 0:00:06]} 12. cxd5 {[%emt 0:00:05]} a4 {[%emt 0:00:10]} 13. h5 {[%emt 0:00:29]} Bd7 {[%emt 0:00:13]} 14. Nh3 {[%emt 0:00:33]} Qa5 {[%emt 0:00:09]} 15. Nf2 {[%emt 0:00:07]} Rfc8 {[%emt 0:00:09]} 16. h6 {[%emt 0:00:17]} Bh8 {[%emt 0:00:02]} 17. Ncd1 {[%emt 0:00:04]} Qxd2+ {[%emt 0:00:31]} 18. Kxd2 {[%emt 0:00:04]} Ne8 {[%emt 0:00:05]} 19. Ne3 {[%emt 0:00:13]} b5 {[%emt 0:00:37]} 20. Nd3 {[%emt 0:00:02]} Nxd3 {[%emt 0:00:26]} 21. Bxd3 {[%emt 0:00:01]} f6 {[%emt 0:00:31]} 22. Bh4 {[%emt 0:00:02]} Nc7 {[%emt 0:00:02]} 23. Rhc1 {[%emt 0:00:28]} Na6 {[%emt 0:00:03]} 24. Bf2 {[%emt 0:00:17]} Nb4 {[%emt 0:00:14]} 25. Nc2 {[%emt 0:00:07]} Nxd3 {[%emt 0:00:09]} 26. Kxd3 {[%emt 0:00:01]} f5 {[%emt 0:00:00]} 27. gxf5 {[%emt 0:00:02]} gxf5 {[%emt 0:00:01]} 28. Nb4 {[%emt 0:00:03]} Bf6 {[%emt 0:00:08]} 29. Be3 {[%emt 0:00:05]} Kf7 {[%emt 0:00:01]} 30. Rg1 {[%emt 0:00:06]} f4 {[%emt 0:00:03]} 31. Bf2 {[%emt 0:00:03]} Rg8 {[%emt 0:00:03]} 32. Rac1 {[%emt 0:00:04]} Rgc8 {[%emt 0:00:04]} 33. a3 {[%emt 0:00:02]} Rab8 {[%emt 0:00:02]} 34. Na6 {[%emt 0:00:03]} Ra8 {[%emt 0:00:02]} 35. Nb4 {[%emt 0:00:03]} Rab8 {[%emt 0:00:01]} 36. Na6 {[%emt 0:00:04]} Ra8 {[%emt 0:00:01]} 37. Nb4 {[%emt 0:00:01]} Rab8 {[%emt 0:00:01]} 38. Kd2 {[%emt 0:00:02]} Rxc1 39. Rxc1 {[%emt 0:00:01]} Rg8 {[%emt 0:00:04]} 40. Rc7 {[%emt 0:00:03]} Ke8 {[%emt 0:00:02]} 41. Nc6 {[%emt 0:00:03]} Rg2 {[%emt 0:00:01]} 42. Ke1 {[%emt 0:00:01]} Rh2 {[%emt 0:00:02]} 43. Rb7 {[%emt 0:00:02]} Rh1+ {[%emt 0:00:03]} 44. Ke2 {[%emt 0:00:02]} Rb1 {[%emt 0:00:01]} 45. Rxb5 {[%emt 0:00:02]} Rc1 {[%emt 0:00:04]} 46. Rb8+ {[%emt 0:00:01]} Kf7 {[%emt 0:00:01]} 47. Rb7 {[%emt 0:00:03]} Ke8 {[%emt 0:00:01]} 48. Nb4 {[%emt 0:00:02]} Rh1 {[%emt 0:00:03]} 49. Nc6 {[%emt 0:00:04]} Rxh6 {[%emt 0:00:04]} 50. b3 {[%emt 0:00:02]} axb3 51. Rxb3 {[%emt 0:00:01]} Rh1 {[%emt 0:00:02]} 52. Rb8+ {[%emt 0:00:04]} Kf7 {[%emt 0:00:02]} 53. Rb7 {[%emt 0:00:02]} Ke8 {[%emt 0:00:00]} 54. Ra7 {[%emt 0:00:01]} Ra1 {[%emt 0:00:03]} 55. a4 {[%emt 0:00:01]} h5 {[%emt 0:00:03]} 56. a5 {[%emt 0:00:02]} h4 {[%emt 0:00:02]} 57. Ra8+ {[%emt 0:00:02]} Kf7 {[%emt 0:00:01]} 58. a6 {[%emt 0:00:03]} h3 {[%emt 0:00:02]} 59. Nd8+ {[%emt 0:00:02]} Bxd8 60. Rxd8 Ke7 {[%emt 0:00:03]} 61. Rh8 {[%emt 0:00:03]} Rxa6 {[%emt 0:00:02]} 62. Bh4+ {[%emt 0:00:04]} Kf7 {[%emt 0:00:03]} 63. Rh7+ {[%emt 0:00:01]} Kg6 {[%emt 0:00:03]} 64. Rh8 {[%emt 0:00:01]} h2 {[%emt 0:00:01]} 65. Be1 {[%emt 0:00:03]} Ra2+ {[%emt 0:00:01]} 66. Bd2 {[%emt 0:00:02]} Bb5+ {[%emt 0:00:02]} 67. Ke1 Ra1+ {[%emt 0:00:01] Kd1 [%clk 0:00:03] Be2+ [%clk 0:00:04]} 68. Bc1 Rxc1+ {[%emt 0:00:09] Kxe2 Ra1 [%clk 0:00:06]} 69. Kd2 {[%emt 0:00:10]} h1=Q {[%emt 0:00:00] Kc3} 0-1

[Event "RUS-ch Blitz Women 2018"]
[Site "Sochi"]
[Date "2018.10.07"]
[Round "17"]
[White "Ivanova, Karina"]
[Black "Belenkaya, Dina"]
[Result "0-1"]
[WhiteElo "2124"]
[BlackElo "2329"]
[Annotator "NA"]
[PlyCount "70"]
[EventDate "2018.10.07"]
[EventType "swiss"]
[EventCountry "RUS"]
[SourceTitle "playchess.com"]
[Source "ChessBase"]
[SourceQuality "1"]
[TimeControl "180+2"]

1. Nf3 {[%emt 0:00:00]} d5 {[%emt 0:00:00]} 2. g3 {[%emt 0:00:01]} g6 {[%emt 0:00:00]} 3. d4 {[%emt 0:00:05]} Bg7 {[%emt 0:00:01]} 4. Bg2 {[%emt 0:00:01]} Nf6 {[%emt 0:00:04]} 5. O-O {[%emt 0:00:01]} O-O {[%emt 0:00:02]} 6. c4 {[%emt 0:00:01]} c6 {[%emt 0:00:01]} 7. b3 {[%emt 0:00:02]} a5 {[%emt 0:00:01]} 8. a4 {[%emt 0:00:10]} Bf5 {[%emt 0:00:04]} 9. Bb2 {[%emt 0:00:03]} Na6 {[%emt 0:00:01]} 10. Nbd2 {[%emt 0:00:08]} Nb4 {[%emt 0:00:01]} 11. Ne1 {[%emt 0:00:06]} Qb6 {[%emt 0:00:10]} 12. c5 {[%emt 0:00:10]} Qc7 {[%emt 0:00:01]} 13. Bc3 {[%emt 0:00:08]} Rad8 {[%emt 0:00:06]} 14. Bxb4 {[%emt 0:00:06]} axb4 {[%emt 0:00:01]} 15. Nc2 {[%emt 0:00:02]} Qa5 {[%emt 0:00:02]} 16. f3 {[%emt 0:00:20]} Bh6 {[%emt 0:00:21]} 17. Kf2 {[%emt 0:00:36]} Rfe8 {[%emt 0:00:03]} 18. e4 {[%emt 0:00:34]} dxe4 {[%emt 0:00:04]} 19. Nxe4 {[%emt 0:00:16]} Nd5 {[%emt 0:00:16]} 20. g4 {[%emt 0:00:11]} Bc8 {[%emt 0:00:04]} 21. g5 {[%emt 0:00:18]} Bg7 {[%emt 0:00:01]} 22. Qe1 {[%emt 0:00:03]} Nf4 {[%emt 0:00:06]} 23. Kg1 {[%emt 0:00:05]} e5 {[%emt 0:00:26]} 24. Nd6 {[%emt 0:00:04]} Re7 {[%emt 0:00:07]} 25. Nc4 {[%emt 0:00:05]} Qc7 {[%emt 0:00:04]} 26. dxe5 {[%emt 0:00:04]} Nd3 {[%emt 0:00:03]} 27. Qg3 {[%emt 0:00:03]} Nxe5 {[%emt 0:00:11]} 28. Nxe5 {[%emt 0:00:04]} Bxe5 {[%emt 0:00:01]} 29. f4 {[%emt 0:00:06]} Bxa1 {[%emt 0:00:01]} 30. Nxa1 {[%emt 0:00:03]} Bf5 {[%emt 0:00:03]} 31. Qf2 {[%emt 0:00:03]} Rd3 {[%emt 0:00:04]} 32. Qb2 {[%emt 0:00:02]} Qd7 {[%emt 0:00:06]} 33. Kh1 {[%emt 0:00:02]} Rd2 {[%emt 0:00:03]} 34. Qc1 {[%emt 0:00:01]} Ree2 {[%emt 0:00:01]} 35. Rg1 {[%emt 0:00:02]} Bh3 {[%emt 0:00:03]} 0-1

[Event "RUS-ch Blitz Women 2018"]
[Site "Sochi"]
[Date "2018.10.07"]
[Round "17"]
[White "Miroshnik, Ekaterina"]
[Black "Tomilova, Elena"]
[Result "1-0"]
[WhiteElo "2016"]
[BlackElo "2328"]
[Annotator "NA"]
[PlyCount "112"]
[EventDate "2018.10.07"]
[EventType "swiss"]
[EventCountry "RUS"]
[SourceTitle "playchess.com"]
[Source "ChessBase"]
[SourceQuality "1"]
[TimeControl "180+2"]

1. d4 {[%emt 0:00:00]} d5 {[%emt 0:00:00]} 2. c4 {[%emt 0:00:00]} c6 {[%emt 0:00:00]} 3. Nf3 {[%emt 0:00:00]} Nf6 {[%emt 0:00:00]} 4. e3 {[%emt 0:00:01]} e6 {[%emt 0:00:02]} 5. Nc3 {[%emt 0:00:01]} Nbd7 {[%emt 0:00:01]} 6. Bd3 {[%emt 0:00:01]} dxc4 {[%emt 0:00:03]} 7. Bxc4 {[%emt 0:00:01]} b5 {[%emt 0:00:01]} 8. Bd3 Bb7 9. O-O {[%emt 0:00:04]} a6 {[%emt 0:00:04]} 10. b3 {[%emt 0:00:02]} c5 {[%emt 0:00:11]} 11. Bb2 {[%emt 0:00:03]} Be7 {[%emt 0:00:05]} 12. a4 {[%emt 0:00:02]} b4 {[%emt 0:00:06]} 13. Nb1 {[%emt 0:00:05]} O-O {[%emt 0:00:06]} 14. Nbd2 {[%emt 0:00:02]} cxd4 {[%emt 0:00:04]} 15. Bxd4 {[%emt 0:00:20]} Nc5 {[%emt 0:00:11]} 16. Bc2 {[%emt 0:00:15]} Rc8 {[%emt 0:00:06]} 17. Nc4 {[%emt 0:00:09]} Nfe4 {[%emt 0:00:09]} 18. Nfe5 {[%emt 0:00:06]} Bf6 {[%emt 0:00:15]} 19. f3 {[%emt 0:00:15]} Nc3 {[%emt 0:00:10]} 20. Bxc3 {[%emt 0:00:06]} bxc3 {[%emt 0:00:02]} 21. Qxd8 {[%emt 0:00:28]} Rfxd8 {[%emt 0:00:02]} 22. Rfd1 {[%emt 0:00:01]} Be7 {[%emt 0:00:25]} 23. Kf2 {[%emt 0:00:07]} f6 {[%emt 0:00:05]} 24. Nd3 {[%emt 0:00:02]} Nxd3+ {[%emt 0:00:06]} 25. Rxd3 {[%emt 0:00:04]} Rxd3 {[%emt 0:00:03]} 26. Bxd3 {[%emt 0:00:01]} Bb4 {[%emt 0:00:05]} 27. Rd1 {[%emt 0:00:03]} Kf8 {[%emt 0:00:13]} 28. Ke2 {[%emt 0:00:10]} g6 {[%emt 0:00:04]} 29. Bc2 {[%emt 0:00:03]} Ke7 {[%emt 0:00:07]} 30. Nb6 {[%emt 0:00:05]} Rc7 {[%emt 0:00:03]} 31. Nc4 {[%emt 0:00:08]} f5 {[%emt 0:00:14]} 32. Rd4 {[%emt 0:00:10]} a5 {[%emt 0:00:08]} 33. Kd1 {[%emt 0:00:09]} Bd5 {[%emt 0:00:06]} 34. Bd3 {[%emt 0:00:04]} g5 {[%emt 0:00:09]} 35. e4 {[%emt 0:00:45]} fxe4 {[%emt 0:00:11]} 36. Bxe4 {[%emt 0:00:04]} Bc5 {[%emt 0:00:13]} 37. Rd3 {[%emt 0:00:03]} Bxc4 {[%emt 0:00:05]} 38. bxc4 {[%emt 0:00:01]} Bb4 {[%emt 0:00:02]} 39. Rd4 {[%emt 0:00:05]} h6 {[%emt 0:00:04]} 40. Kc2 {[%emt 0:00:01]} e5 {[%emt 0:00:04]} 41. Rd5 {[%emt 0:00:02]} Ke6 {[%emt 0:00:02]} 42. Rd8 {[%emt 0:00:04]} Rxc4 {[%emt 0:00:03]} 43. Re8+ {[%emt 0:00:02]} Kf6 {[%emt 0:00:02]} 44. Rf8+ {[%emt 0:00:01]} Ke7 {[%emt 0:00:01]} 45. Rh8 {[%emt 0:00:02]} Rd4 {[%emt 0:00:03]} 46. Bd3 {[%emt 0:00:03]} Bd6 {[%emt 0:00:06]} 47. Bb5 {[%emt 0:00:06]} Rd2+ {[%emt 0:00:03]} 48. Kxc3 {[%emt 0:00:01]} Rxg2 {[%emt 0:00:02]} 49. Rxh6 {[%emt 0:00:01]} Rf2 {[%emt 0:00:03]} 50. Bc6 {[%emt 0:00:02]} Bb4+ {[%emt 0:00:04]} 51. Kb3 {[%emt 0:00:02]} Rg2 {[%emt 0:00:03]} 52. h4 {[%emt 0:00:02]} gxh4 {[%emt 0:00:02]} 53. Rxh4 {[%emt 0:00:01]} Kd6 {[%emt 0:00:01]} 54. Rh6+ {[%emt 0:00:02]} Kc5 {[%emt 0:00:01]} 55. Be4 {[%emt 0:00:05]} Rf2 {[%emt 0:00:02]} 56. Rc6+ {[%emt 0:00:01]} Kd4 {[%emt 0:00:02]} 1-0

[Event "RUS-ch Blitz Women 2018"]
[Site "Sochi"]
[Date "2018.10.07"]
[Round "18"]
[White "Bodnaruk, Anastasia"]
[Black "Kashlinskaya, Alina"]
[Result "0-1"]
[WhiteElo "2423"]
[BlackElo "2447"]
[Annotator "TA"]
[PlyCount "78"]
[EventDate "2018.10.07"]
[EventType "swiss"]
[EventCountry "RUS"]
[SourceTitle "playchess.com"]
[Source "ChessBase"]
[SourceQuality "1"]

{[%evp 19,77,0,0,-43,-32,-56,-28,-131,-116,-125,-107,-157,-132,-131,-119,-125,-121,-132,-107,-112,-120,-124,-108,-191,-191,-186,-185,-727,-696,-708,-736,-718,-695,-873,-791,-913,-414,-605,-529,-757,-187,-196,-57,-60,-8,-85,-71,-922,-903,-878,-784,-5261,-1053,-5272,-5214,-29989,-80,-68,0,-29999]} 1. e4 e6 2. d4 d5 3. e5 c5 4. c3 Nc6 5. Nf3 Qb6 6. a3 Nh6 7. b4 cxd4 8. cxd4 Nf5 9. Bb2 Bd7 10. g4 Nfe7 11. h4 {C02: French: Advance Variation} (11. Nc3 Na5 12. Nd2 Rc8 13. Na4 Qc6 14. b5 Qc7 15. Rc1 Qd8 16. Nc5 Ng6 17. Nxd7 Qxd7 18. h4 Be7 19. h5 {½-½ (41) Areshchenko,A (2709)-Romanov,E (2640) Legnica 2013}) 11... h5 12. gxh5 Nf5 13. b5 $146 (13. Bh3 $11) ({Predecessor:} 13. Bh3 a5 14. Bxf5 exf5 15. Nc3 axb4 16. Nxd5 Qd8 17. Ng5 bxa3 18. Bc3 Ne7 {1-0 (54) Sandipan,C (2507)-Shaw,D (2190) Torquay 2002}) 13... Na5 $17 14. Nc3 {[%cal Bb1c3,Bc3a4,Ba4c5][%mdl 32]} a6 {[%cal Ra6b5]} 15. Na4 Qd8 16. bxa6 bxa6 17. Nc5 Bb5 ({Resist} 17... Rxh5 18. Nxd7 Qxd7 19. Rc1 $15) 18. Bc3 Nc4 ({Don't play} 18... Rxh5 19. Rb1 $17) 19. a4 Bc6 20. Bd3 Bxc5 21. dxc5 (21. Bxf5 $17 exf5 22. dxc5) 21... d4 $19 {[%cal Bd5d4,Bd4c3,Bc3c2][%mdl 32]} 22. Bxc4 {Threatens to win with Bd2.} dxc3 23. Qe2 $2 (23. Qxd8+ Rxd8 24. Rh3) 23... Rb8 24. Rd1 Qa5 25. O-O Qxc5 {...Bxf3 is the strong threat.} 26. Bxa6 c2 27. Rc1 Bxa4 (27... Qd5 $142 {Strongly threatening ...Nxh4.} 28. Bc4 Nd4 29. Bxd5 Nxe2+ 30. Kh2 Bxd5 31. Rxc2 Bxf3) 28. Ng5 (28. Bd3 $142 Ng3 29. Qe3 Qxe3 30. fxe3 Nxf1 31. Kxf1) 28... Rb4 29. Bd3 {[%cal Rd3c2]} Nxh4 $2 (29... Rxh4 30. Ne4 R8xh5 $1 {[%mdl 512]} 31. Qxh5 Qxe5 32. Qxh4 Nxh4) 30. Bxc2 Bxc2 (30... Bb5 $19 31. Bd3 Bxd3 32. Qxd3 Rg4+ 33. Kh1 {[#]} Rxh5 $1 {[%mdl 512]}) 31. Rxc2 $15 Qd5 $40 {[%mdl 128] Black is up to no good.} (31... Qe7 $1 $15 32. Ne4 (32. Rc8+ $2 Kd7 $19) 32... O-O) 32. f3 (32. Rc8+ $11 Kd7 33. Rd1) 32... Rxh5 33. Rc8+ $2 {[%mdl 8192]} (33. f4 $17 Qd4+ 34. Qf2) 33... Ke7 $19 34. Rc7+ Kd8 35. Rd1 Rd4 (35... Rxg5+ $142 36. Kf1 Rd4) 36. Rdc1 Rxg5+ 37. Kh1 Qxf3+ $2 (37... Rxe5 {mates} 38. R7c5 Rxe2 39. Rxd5+ Rxd5 40. Kg1 Rdd2 41. Rc8+ Kxc8 42. Kf1 Rf2+ 43. Kg1 Nxf3+ 44. Kh1 Rh2#) 38. Qxf3 $17 Nxf3 ({Black should try} 38... Rg1+ $1 $15 39. Kxg1 Nxf3+ 40. Kf2 Nxe5) 39. Rxf7 $2 {[%mdl 8192]} (39. Rc8+ $11 Ke7 40. R8c7+ Rd7 41. Rxd7+ Kxd7 42. Rc7+ Kd8 43. Rc8+ Kxc8) 39... Rh4# {Precision: White = 26%, Black = 47%.} 0-1

[Event "RUS-ch Blitz Women 2018"]
[Site "Sochi"]
[Date "2018.10.07"]
[Round "18"]
[White "Shuvalova, Polina"]
[Black "Maletina, Tatiana"]
[Result "1/2-1/2"]
[WhiteElo "2421"]
[BlackElo "2270"]
[Annotator "RC"]
[PlyCount "111"]
[EventDate "2018.10.07"]
[EventType "swiss"]
[EventCountry "RUS"]
[SourceTitle "playchess.com"]
[Source "ChessBase"]
[SourceQuality "1"]
[TimeControl "180+2"]

1. e4 {[%emt 0:00:00]} e6 {[%emt 0:00:00]} 2. d4 {[%emt 0:00:00]} d5 {[%emt 0:00:00]} 3. Nd2 {[%emt 0:00:00]} Be7 {[%emt 0:00:01]} 4. Bd3 {[%emt 0:00:05]} c5 {[%emt 0:00:01]} 5. dxc5 {[%emt 0:00:10]} Nf6 {[%emt 0:00:01]} 6. exd5 {[%emt 0:00:13]} exd5 {[%emt 0:00:05]} 7. Ngf3 {[%emt 0:00:02]} O-O {[%emt 0:00:03]} 8. Nb3 {[%emt 0:00:05]} a5 {[%emt 0:00:01]} 9. a4 {[%emt 0:00:05]} Nc6 {[%emt 0:00:14]} 10. O-O {[%emt 0:00:03]} Bg4 {[%emt 0:00:02]} 11. h3 {[%emt 0:00:03]} Bh5 {[%emt 0:00:01]} 12. Bf4 {[%emt 0:00:05]} Rc8 {[%emt 0:00:09]} 13. Re1 {[%emt 0:00:04]} Re8 {[%emt 0:00:03]} 14. g4 {[%emt 0:00:12]} Bg6 {[%emt 0:00:02]} 15. Bxg6 {[%emt 0:00:03]} hxg6 {[%emt 0:00:01]} 16. c3 {[%emt 0:00:06]} Ne4 {[%emt 0:00:02]} 17. Be3 {[%emt 0:00:11]} Bf8 {[%emt 0:00:02]} 18. Kg2 {[%emt 0:00:10]} Ne5 {[%emt 0:00:15]} 19. Nxe5 {[%emt 0:00:04]} Rxe5 {[%emt 0:00:01]} 20. Bd4 {[%emt 0:00:08]} Re8 {[%emt 0:00:08]} 21. Qd3 {[%emt 0:00:11]} Bxc5 {[%emt 0:00:28]} 22. Nxc5 {[%emt 0:00:11]} Nxc5 {[%emt 0:00:02]} 23. Qb5 {[%emt 0:00:11]} Ne6 {[%emt 0:00:28]} 24. Be5 {[%emt 0:00:14]} b6 {[%emt 0:00:13]} 25. Rad1 {[%emt 0:00:02]} Qh4 {[%emt 0:00:14]} 26. Qxd5 {[%emt 0:00:08]} Rcd8 {[%emt 0:00:08]} 27. Bg3 {[%emt 0:00:29]} Qf6 {[%emt 0:00:15]} 28. Qf3 {[%emt 0:00:02]} Qe7 {[%emt 0:00:06]} 29. Rxd8 {[%emt 0:00:09]} Rxd8 {[%emt 0:00:01]} 30. Re3 {[%emt 0:00:06]} Qd7 {[%emt 0:00:03]} 31. Be5 {[%emt 0:00:06]} Qxa4 {[%emt 0:00:04]} 32. Qb7 {[%emt 0:00:04]} Qb5 {[%emt 0:00:08]} 33. Bg3 {[%emt 0:00:08]} Qxb2 {[%emt 0:00:10]} 34. Rf3 {[%emt 0:00:00]} f6 {[%emt 0:00:11]} 35. Qe7 {[%emt 0:00:06]} Qb3 {[%emt 0:00:04]} 36. Re3 {[%emt 0:00:03]} Qd5+ {[%emt 0:00:01]} 37. Kh2 {[%emt 0:00:01]} Ng5 {[%emt 0:00:02]} 38. Qc7 {[%emt 0:00:08]} Nf7 {[%emt 0:00:04]} 39. Re7 {[%emt 0:00:01]} Ra8 {[%emt 0:00:05]} 40. Rd7 {[%emt 0:00:03]} Qb3 {[%emt 0:00:03]} 41. Qb7 {[%emt 0:00:01]} Re8 {[%emt 0:00:03]} 42. Bc7 {[%emt 0:00:03]} a4 {[%emt 0:00:03]} 43. Bxb6 {[%emt 0:00:02]} a3 {[%emt 0:00:04]} 44. Qa7 {[%emt 0:00:03]} a2 {[%emt 0:00:02]} 45. Bd4 {[%emt 0:00:01]} Qc4 {[%emt 0:00:03]} 46. Rc7 {[%emt 0:00:02]} Qd5 {[%emt 0:00:02]} 47. Rd7 {[%emt 0:00:01]} Qe6 {[%emt 0:00:03]} 48. Rb7 {[%emt 0:00:03]} Qd6+ {[%emt 0:00:05]} 49. Kg2 {[%emt 0:00:02]} Qd5+ {[%emt 0:00:01]} 50. Kh2 {[%emt 0:00:01]} Qd6+ {[%emt 0:00:01]} 51. Kg2 {[%emt 0:00:00]} Qc6+ {[%emt 0:00:02]} 52. Kh2 {[%emt 0:00:02]} Qd6+ {[%emt 0:00:04]} 53. Kg2 {[%emt 0:00:00]} Qd5+ {[%emt 0:00:01]} 54. Kh2 {[%emt 0:00:01]} Qd6+ {[%emt 0:00:04]} 55. Kg2 {[%emt 0:00:00]} Qc6+ {[%emt 0:00:02]} 56. Kh2 {[%emt 0:00:01]} 1/2-1/2

[Event "RUS-ch Blitz Women 2018"]
[Site "Sochi"]
[Date "2018.10.07"]
[Round "18"]
[White "Ambartsumova, Karina"]
[Black "Bivol, Alina"]
[Result "0-1"]
[WhiteElo "2379"]
[BlackElo "2403"]
[Annotator "NA"]
[PlyCount "52"]
[EventDate "2018.10.07"]
[EventType "swiss"]
[EventCountry "RUS"]
[SourceTitle "playchess.com"]
[Source "ChessBase"]
[SourceQuality "1"]
[TimeControl "180+2"]

1. c4 {[%emt 0:00:00]} Nf6 {[%emt 0:00:00]} 2. Nc3 {[%emt 0:00:03]} g6 {[%emt 0:00:00]} 3. g3 {[%emt 0:00:04]} Bg7 {[%emt 0:00:00]} 4. Bg2 {[%emt 0:00:00]} O-O {[%emt 0:00:02]} 5. Nf3 {[%emt 0:00:04]} d6 {[%emt 0:00:00]} 6. d4 {[%emt 0:00:02]} Nc6 {[%emt 0:00:01]} 7. O-O {[%emt 0:00:03]} Rb8 {[%emt 0:00:01]} 8. Bf4 {[%emt 0:00:11]} h6 {[%emt 0:00:06]} 9. h3 {[%emt 0:00:09]} a6 {[%emt 0:00:02]} 10. Rc1 {[%emt 0:00:02]} Bd7 {[%emt 0:00:14]} 11. e4 {[%emt 0:00:21]} b5 {[%emt 0:00:26]} 12. cxb5 {[%emt 0:00:14]} axb5 {[%emt 0:00:01]} 13. d5 {[%emt 0:00:32]} Na5 {[%emt 0:00:04]} 14. b4 {[%emt 0:00:14]} Nc4 {[%emt 0:00:03]} 15. Re1 {[%emt 0:00:12]} g5 {[%emt 0:00:18]} 16. Be3 {[%emt 0:00:09]} Nxe3 {[%emt 0:00:04]} 17. Rxe3 {[%emt 0:00:01]} g4 {[%emt 0:00:08]} 18. hxg4 {[%emt 0:00:01]} Bxg4 {[%emt 0:00:01]} 19. Qb3 {[%emt 0:00:05]} Bxf3 {[%emt 0:00:10]} 20. Bxf3 {[%emt 0:00:09]} Nd7 {[%emt 0:00:01]} 21. Be2 {[%emt 0:00:04]} Ne5 {[%emt 0:00:14]} 22. f4 {[%emt 0:00:01]} Nc4 {[%emt 0:00:07]} 23. Rd3 {[%emt 0:00:17]} Qd7 {[%emt 0:00:06]} 24. Nxb5 {[%emt 0:00:16]} Qxb5 {[%emt 0:00:27]} 25. Rxc4 {[%emt 0:00:13]} Ra8 {[%emt 0:00:03]} 26. Rxc7 {[%emt 0:00:06]} Qb6+ {[%emt 0:00:01]} 0-1

[Event "RUS-ch Blitz Women 2018"]
[Site "Sochi"]
[Date "2018.10.07"]
[Round "18"]
[White "Gritsayeva, Oksana"]
[Black "Vinokur, Yuliya"]
[Result "0-1"]
[WhiteElo "2378"]
[BlackElo "2170"]
[Annotator "NA"]
[PlyCount "101"]
[EventDate "2018.10.07"]
[EventType "swiss"]
[EventCountry "RUS"]
[SourceTitle "playchess.com"]
[Source "ChessBase"]
[SourceQuality "1"]
[TimeControl "180+2"]

1. e4 {[%emt 0:00:00]} Nf6 {[%emt 0:00:31]} 2. e5 {[%emt 0:00:03]} Nd5 {[%emt 0:00:01]} 3. d4 {[%emt 0:00:03]} d6 {[%emt 0:00:01]} 4. Nf3 {[%emt 0:00:01]} Bg4 {[%emt 0:00:01]} 5. Be2 {[%emt 0:00:05]} e6 {[%emt 0:00:01]} 6. c4 {[%emt 0:00:07]} Nb6 {[%emt 0:00:02]} 7. exd6 {[%emt 0:00:03]} cxd6 {[%emt 0:00:01]} 8. O-O {[%emt 0:00:03]} Be7 {[%emt 0:00:02]} 9. h3 {[%emt 0:00:10]} Bh5 {[%emt 0:00:01]} 10. Nc3 {[%emt 0:00:01]} O-O {[%emt 0:00:02]} 11. Be3 {[%emt 0:00:20]} d5 {[%emt 0:00:01]} 12. b3 {[%emt 0:00:09]} Nc6 {[%emt 0:00:04]} 13. c5 {[%emt 0:00:06]} Nc8 {[%emt 0:00:02]} 14. Rb1 {[%emt 0:00:14]} Bxf3 {[%emt 0:00:03]} 15. Bxf3 {[%emt 0:00:01]} Bf6 {[%emt 0:00:01]} 16. b4 {[%emt 0:00:04]} N8e7 {[%emt 0:00:03]} 17. Qd3 {[%emt 0:00:17]} Nf5 {[%emt 0:00:04]} 18. Ne2 {[%emt 0:00:05]} g6 {[%emt 0:00:24]} 19. g3 {[%emt 0:00:03]} Bg7 {[%emt 0:00:04]} 20. Bg2 {[%emt 0:00:02]} Qf6 {[%emt 0:00:12]} 21. Rfd1 {[%emt 0:00:05]} Rad8 {[%emt 0:00:05]} 22. Qd2 {[%emt 0:00:07]} h6 {[%emt 0:00:10]} 23. b5 {[%emt 0:00:01]} Nce7 {[%emt 0:00:09]} 24. Bf4 {[%emt 0:00:13]} g5 {[%emt 0:00:28]} 25. Be5 {[%emt 0:00:08]} Qg6 {[%emt 0:00:01]} 26. Bxg7 {[%emt 0:00:05]} Qxg7 {[%emt 0:00:02]} 27. Rdc1 {[%emt 0:00:06]} e5 {[%emt 0:00:14]} 28. dxe5 {[%emt 0:00:07]} Qxe5 {[%emt 0:00:02]} 29. Rd1 {[%emt 0:00:09]} Rc8 {[%emt 0:00:16]} 30. Rbc1 {[%emt 0:00:06]} Rfd8 {[%emt 0:00:01]} 31. Nd4 {[%emt 0:00:05]} Qf6 {[%emt 0:00:12]} 32. Qd3 {[%emt 0:00:08]} a6 {[%emt 0:00:09]} 33. a4 {[%emt 0:00:02]} axb5 {[%emt 0:00:02]} 34. axb5 {[%emt 0:00:01]} Rc7 {[%emt 0:00:09]} 35. b6 {[%emt 0:00:17]} Rcd7 {[%emt 0:00:12]} 36. Rd2 {[%emt 0:00:10]} Nxd4 37. Qxd4 {[%emt 0:00:02]} Qc6 {[%emt 0:00:07]} 38. h4 {[%emt 0:00:12]} Nf5 {[%emt 0:00:04]} 39. Qd3 {[%emt 0:00:01]} Ng7 {[%emt 0:00:02]} 40. hxg5 {[%emt 0:00:02]} hxg5 {[%emt 0:00:01]} 41. Bf3 {[%emt 0:00:05]} Ne6 {[%emt 0:00:03]} 42. Kg2 {[%emt 0:00:06]} Qa4 {[%emt 0:00:04]} 43. Qe3 {[%emt 0:00:05]} d4 {[%emt 0:00:03]} 44. Qe5 {[%emt 0:00:02]} Nf8 {[%emt 0:00:08]} 45. Qxg5+ {[%emt 0:00:02]} Ng6 {[%emt 0:00:00]} 46. Be4 {[%emt 0:00:02]} d3 {[%emt 0:00:03]} 47. Bxg6 {[%emt 0:00:03]} fxg6 {[%emt 0:00:01]} 48. Qxg6+ {[%emt 0:00:01]} Rg7 {[%emt 0:00:01]} 49. Qe6+ {[%emt 0:00:02]} Rf7 {[%emt 0:00:01]} 50. Rcd1 {[%emt 0:00:04]} Qd4 {[%emt 0:00:02]} 51. Qe3 {[%emt 0:00:06]} 0-1